Baseball banter : gems of the baseball diamond; a humorous anthology of baseball stories culled from the records and gossip of the game /

Bibliographic Details
Main Author: Carlson, Stanley Waldo, 1909-
Format: Book
Language:English
Published: Minneapolis, Minn. : S.W. Carlson, 1940.
Subjects:

MARC

Tag First Indicator Second Indicator Subfields
LEADER 00000cam a2200000 4500
001 in00000032496
005 20151007061757.0
008 780706s1940 mnua 00010 eng
010 |a  40035471  
035 |a (OCoLC)04028157 
035 |9 AAD3044AM 
040 |a DLC  |c KSU  |d TXA  |d UtOrBLW 
049 |a TXAM 
050 0 |a GV873  |b .C3 
092 |a 796.357  |b C284b 
100 1 |a Carlson, Stanley Waldo,  |d 1909- 
245 1 0 |a Baseball banter :  |b gems of the baseball diamond; a humorous anthology of baseball stories culled from the records and gossip of the game /  |c by Stan W. Carlson. 
264 1 |a Minneapolis, Minn. :  |b S.W. Carlson,  |c 1940. 
300 |a  2 pages ., [3]-58 pages :  |b illustrations ;  |c 20 cm. 
336 |a text  |b txt  |2 rdacontent 
337 |a unmediated  |b n  |2 rdamedia 
338 |a volume  |b nc  |2 rdacarrier 
650 0 |a Baseball  |v Anecdotes. 
740 0 |a Gems of the baseball diamond. 
999 |a MARS 
999 f f |s 003cccfa-afc3-387b-9bea-a6446d959e85  |i a0d6e235-da84-3873-9c09-b052070b64c2  |t 0 
952 f f |p normal  |a Texas A&M University  |b College Station  |c Sterling C. Evans Library  |d Evans: Library Stacks  |t 0  |e GV873 .C3  |h Library of Congress classification  |i unmediated -- volume  |m A14801185240 
998 f f |a GV873 .C3  |t 0  |l Evans: Library Stacks